000 00668nam a2200289Ia 4500
005 20260324124155.0
008 008 260324s9999 xx 000 0 eng d
020 _a9780203810309
037 _aEBOOK
040 _aCRL
040 _beng
040 _cCRL
041 _2eng
041 _aeng
084 _qCRL
100 _aMatthew Hall
_91062691
245 0 _aVictims and Policy-Making
245 2 _bA Comparative Perspective
260 _bTaylor and Francis
260 _c2011
365 _a
365 _b255
856 _uhttp://www.taylorfrancis.com/books/9780203810309
942 _cEBOOK
999 _c1767298
_d1767298